000 00354nam a22001337a 4500
005 20240417071756.0
008 240321b |||||||| |||| 00| 0 eng d
082 _222
_a323.4.
_bTHE.
245 _aThe Value of dissent in a free society :
260 _bThe Council for Liberal Democracy /
_c1990.
300 _avii, 38 p,
650 _aPolitical.
942 _cL
999 _c590
_d590